La juive /
Zapisane w:
| 1. autor: | |
|---|---|
| Kolejni autorzy: | , , , , , , , , , , , , , |
| Format: | |
| Język: | francuski |
| Seria: | (Deutsche Grammophon DVD)
|
| Hasła przedmiotowe: | |
| Etykiety: |
Nie ma etykietki, Dołącz pierwszą etykiete!
|
MARC
| LEADER | 00000ngm^a2200000^a^4500 | ||
|---|---|---|---|
| 001 | 000570586 | ||
| 005 | 20251020000000.0 | ||
| 009 | 20260310132231.496 | ||
| 037 | |a Acervo ITESO - Biblioteca | ||
| 041 | |a SON | ||
| 041 | |a FRA | ||
| 082 | |a 784. 07 |b HAL FRO | ||
| 100 | |a Halévy, Fromental |e (música) | ||
| 245 | 1 | 0 | |a La juive / |c Música de F. Halévy ; libreto de E. Scribe ; tenor N. Shicoff ; soprano K. Stoyanova, S. Ivan ; coro Wiener Staatsoper (Chor) ; ejecución musical de Wiener Staastoper (Orchester) ; dir. musical de V. Sutej, E. Dunshirn ; escenografía y vestuario de G. Pilz, I.I. Glathar ; producción de G. Krämer. |
| 264 | 2 | |a Hamburgo, Alemania : |b Deutsche Grammophon [distribución], |c 2004, c2004 | |
| 300 | |a 2 DVD multirregión (176, 68 min.) : |b color + |e 1 folleto (28 p.) | ||
| 336 | |a imagen móvil bidimensional |b tdi |2 rdacontenido | ||
| 337 | |a video |b v |2 rdamedio | ||
| 338 | |a videodisco |b vd |2 rdasoporte | ||
| 440 | 1 | |a (Deutsche Grammophon DVD) | |
| 546 | |a Edición sonora con voz en francés | ||
| 546 | |a En francés, con subtítulos opcionales: español, alemán, francés, inglés | ||
| 649 | |a XX | ||
| 650 | |a Judíos en la Música | ||
| 650 | |a Documentales | ||
| 650 | |a Cortometrajes y Mediometrajes Norteamericanos | ||
| 650 | |a Cine Norteamericano - |y 2000-2009 | ||
| 650 | |a Cine Norteamericano - |y Siglo XIX | ||
| 650 | |a Antisemitismo en la Música | ||
| 650 | |a Opera - |z Francia | ||
| 650 | |a Música Romántica - |z Francia | ||
| 650 | |a Música de Concierto - |z Francia | ||
| 650 | |a Música Francesa - |y Siglo XIX | ||
| 700 | |a Scribe, Eugène |e (libreto) | ||
| 700 | |a Shicoff, Neil |e (voz) | ||
| 700 | |a Stoyanova, Krassimira |e (voz) | ||
| 700 | |a Ivan, Simina |e (voz) | ||
| 700 | |a Wiener Staatsoper (Chor) |e (voz) | ||
| 700 | |a Wiener Staatsoper (Orchester) |e (ejecución musical) | ||
| 700 | |a Sutej, Vjekoslav |e (dirección musical) | ||
| 700 | |a Dunshirn, Ernst |e (dirección musical) | ||
| 700 | |a Pilz, Gottfried |e (escenografía y vestuario) | ||
| 700 | |a Glathar, Isabel Ines |e (escenografía y vestuario) | ||
| 700 | |a Krämer, Günter |e (producción) | ||
| 700 | |a Lumet, Sidney |e (realización) | ||
| 700 | |a Fisher, Paula Heil |e (realización) | ||
| 700 | |a Blaha, Peter |e (texto del folleto) | ||
| 740 | 0 | |a Rachel, quand du Seigneur / |c Realización de S. Lumet. | |
| 740 | 0 | |a Finding Eléazar : |b Portrait of a Tenor and a Role / |c Realización de P.H. Fisher. | |
| 740 | 4 | |a The Role that Neil Shicoff Was Born to Sing = |b Die Lebensrolle für Neil Shicoff = Le rôle d'une vie pour Neil Shicoff / |c Texto del folleto de P. Blaha ; tr. por Stewart Spencer, Jean-Claude Poyet. | |
| 910 | |a Fondo General | ||
| 920 | |a Audiovisuales - DVDs | ||
| 940 | |a DVDs y Videos de Música | ||
| 905 | |a 307 | ||
| 901 | |a 0500401603 |b IT2 |c DVM |i C100306 |u 20250521 | ||
| 901 | |a 0500401604 |b IT2 |c DVM |i C100306 |u 20250521 | ||
| 901 | |a 0500401605 |b IT2 |c MIM |i C100306 |u 20251020 | ||
| 902 | |a https://opac.biblio.iteso.mx/vufind/Record/000570586 | ||